000
00209nam a22000857a 4500
008
170302b xxu||||| |||| 00| 0 eng d
100
_9
3011
_a
Tortora.G.T
245
_a
Anatmy and Physiology
260
_a
UK
_b
John
_c
2011
999
_c
6254
_d
6254